| 000 | 00901nam a2200205Ia 4500 | ||
|---|---|---|---|
| 003 | Ost | ||
| 005 | 20260507075747.0 | ||
| 008 | 260507s9999||||xx |||||||||||||| ||und|| | ||
| 040 | _cfsecg | ||
| 041 | _aara | ||
| 082 | _a330 | ||
| 100 |
_aالجنيدل، حمد بن عبد الرحمن _eمؤلف |
||
| 245 | 0 |
_aمناهج الباحثين في الإقتصاد الإسلامي : _bدراسة تطبيقية / _c حمد بن عبد الرحمن الجنيدل |
|
| 260 |
_aالرياض: _bشركة العبيكان للطباعة والنشر, _c1406 |
||
| 300 |
_a293 صفحة؛ _bإيضاحات ؛ _c25 سم |
||
| 520 | _aمناهج الباحثين في عصر الإجتهاد ما قبل التدوين- مناهج الباحثين في عصر الإجتهاد ما بعد التدوين | ||
| 653 | _aالإقتصاد | ||
| 653 | _aالإقتصاد الإسلامي | ||
| 942 | _cكتاب | ||
| 999 |
_c46199 _d46199 |
||